FIFA Women's World Cup Hosts - Statistics

General Stats
  • This quiz has been taken 37 times
  • The average score is 7 of 8
Answer Stats
Edition Host % Correct
1999 USA
100%
2003 USA
100%
2011 Germany
94%
1991 China
91%
2007 China
91%
2019 France
91%
1995 Sweden
85%
2015 Canada
82%
No matching quizzes found
Score Distribution
Percent of People with Each Score
Percentile by Number Answered
Your Score History
You have not taken this quiz